My big book of learning (Record no. 541426)

000 -LEADER
fixed length control field 00301nam a22001217a 4500
020 ## - INTERNATIONAL STANDARD BOOK NUMBER
International Standard Book Number 086227921
082 ## - DEWEY DECIMAL CLASSIFICATION NUMBER
Classification number 155.41315
Author Mark MCK
-- N-01,p-40
245 ## - TITLE STATEMENT
Title My big book of learning
300 ## - PHYSICAL DESCRIPTION
Extent 150 p.:
Other physical details ill ;.
Dimensions 25
526 ## - STUDY PROGRAM INFORMATION NOTE
Program name 0
Interest level 0
Reading level 0
Title point value 155_413150000000000_MCK
650 ## - SUBJECT ADDED ENTRY--TOPICAL TERM
Topical term following geographic name entry element NUST
9 (RLIN) 6342
942 ## - ADDED ENTRY ELEMENTS (KOHA)
Source of classification or shelving scheme
Koha item type Book
Holdings
Withdrawn status Lost status Source of classification or shelving scheme Damaged status Not for loan Permanent Location Current Location Date acquired Total Checkouts Full call number Barcode Date last seen Date last checked out Copy number Price effective from Koha item type
          Military College of Engineering (MCE) Military College of Engineering (MCE) 07/16/2013 1 155.41315 MCK MCE-44353 09/03/2015 10/28/2014 01 07/16/2013 Book
© 2023 Central Library, National University of Sciences and Technology. All Rights Reserved.